| 000 | 00525nam a2200169 i 4500 | ||
|---|---|---|---|
| 001 | 146716 | ||
| 003 | ES-MaACL | ||
| 005 | 20230906201638.0 | ||
| 007 | t| | ||
| 008 | 070917s1914 xxk ||||1| eng d | ||
| 100 | 1 |
_aTreitschke, Heinrich von. _9111285 |
|
| 245 | 1 | 0 |
_aSelections from Treitschke's lectures on politics / _cHeinrich von Treischke ; translated by Adam L. Gowans. |
| 260 |
_aLondon : _bGowans & Gray, _c1914. |
||
| 300 |
_a128 p. ; _c19 cm. |
||
| 700 | 1 |
_aGowans, Adam L. _959385 |
|
| 852 |
_aES-MaACL _jD-5116 |
||
| 999 |
_c146716 _d146716 |
||